000 00585nam a2200205Ia 4500
005 20260429112203.0
008 260429s9999||||xx |||||||||||||| ||und||
020 _a9788180943751
041 _aEnglish
082 _a491.8
_bCAL
100 _aCaldwell, Robert
245 0 _aComparative grammar of the Dravidian or south Indian family of language /
_cRobert Caldwell
250 _a1st ed.
260 _aChennai :
_bMaven Books,
_c2025.
300 _axlii, 608 p.; hb
650 _a Comparative grammar
650 _a Linguistics
650 _aDravidian languages
942 _cTB
999 _c52793
_d52793